| 000 | 00770cam a2200253 a 4500 | ||
|---|---|---|---|
| 008 | |||
| 020 | _a0273602330 (pbk. ) | ||
| 049 | _aMAIN | ||
| 090 | _aHD30.4 CAM | ||
| 100 | 1 | _aCameron, Sheila. | |
| 245 | 1 | 4 |
_aThe MBA handbook : _ban essential guide to effective study / _cSheila Cameron. |
| 250 | _a2nd ed. | ||
| 260 |
_aLondon : _bPitman, _c1994. |
||
| 300 |
_avii, 342 p. : _bill. ; _c25 cm. |
||
| 504 | _aIncludes bibliographical references. | ||
| 500 | _aIncludes index. | ||
| 650 | 0 | _aMaster of business administration degree. | |
| 650 | 0 |
_aManagement _vHandbooks, manuals. |
|
| 907 |
_a.b10073826 _b30-04-07 _c17-04-03 |
||
| 003 | |||
| 005 | 20230123134432.0 | ||
| 040 | _cNUST | ||
| 942 |
_cBOOKS _kHD30.4 CAM |
||
| 999 |
_c165887 _d165887 |
||